| 000 | 00399cam a2200169ua 4500 | ||
|---|---|---|---|
| 020 | _c21.60 | ||
| 041 |
_aeng _h |
||
| 082 |
_a621.4022 _bLUI/HE |
||
| 100 | _aLuikov, A . | ||
| 245 |
_aHeat and mass transfer / _cA Luikov. _hTextual Documents |
||
| 260 |
_aMoscow : _bMir publishers , _c1980. |
||
| 300 | _a623 ; . | ||
| 365 | _a21.60 | ||
| 504 | _a | ||
| 942 | _cBK | ||
| 999 |
_c9328 _d9328 |
||